| 000 | 00407nam a2200145Ia 4500 | ||
|---|---|---|---|
| 001 | 19383 | ||
| 003 | GE_BSU | ||
| 008 | 181216s||||||||xx |||||||||||||| ||und|| | ||
| 040 | _cGE_BSU | ||
| 245 | _aПедагогика №10. 2013. | ||
| 245 | _bНаучн.-технич. журнал РА образования | ||
| 245 | _cГл. ред. Р.С.Бозиев | ||
| 653 | _aПедагогика | ||
| 942 | _cCR | ||
| 999 |
_c52363 _d52363 |
||